LEADER 01343nam a2200313 u 4500 001 000000073365 003 CaOOAMICUS 005 20150910181555.0 008 020702s2002 fr u000 u fre u 020 $a2-85021-138-2 035 $a10935557 040 $aEFR$bita 100 1 $aEdart, Jean-Baptiste.$0(OLS)http://pul/name/48596 245 12$aL'Epître aux Philippiens :$brhétorique et composition stylistique /$cpar Jean-Baptiste Edart. 260 $aParis :$bGabalda,$c2002. 300 $a384 p.$c24 cm 490 1 $aEtudes bibliques.$aNouvelle série ;$v45 500 $aIndex: p. 349-352. 504 $aBibliography: p. 353-378. 830 0$aEtudes bibliques.$pNouvelle série,$x0760-3541 ;$v45.$0(OLS)http://pul/title/41897 850 $aPUL 852 $aPUL$W1$xSL Religione 1$y3$m5 G 45$j42058$nBK-PRI$b $qStampati$B94813$CPULBib$Z2$F94813 $H $81 852 $aPUL$W1$xDP1 Fondo S. Lanza$y121$m3 L 61$j168411$qFondi$B169012$CPULBib$Z2$F169012 $HLAN594 $82 941 1 $a8 941 1 $a1 961 $aINV: 87891 996 $6020$a2-85021-138-2$9(OLS)http://pul/number/94643 996 $6245$aL'Epître aux Philippiens :$brhétorique et composition stylistique$9(OLS)http://pul/title/96417 996 $6260$aParis :$bGabalda$9(OLS)http://pul/publisher/49544 LEADER 01884nam a2200409 a 4500 001 000000174667 003 CaOOAMICUS 005 20210716161911.0 008 210716s2020 pl 000 udeng r 020 $z978-83-7614-474-0* 032 $aLibriCat 040 $aPUL$bita 041 0 $aeng$apol 082 04$a197 245 00$aMieczys?aw Albert Kr?piec /$cMarek Czachorowski, Rev. Tomasz Mame?ka, Rev. Pawe? Mazanka, Zbigniew Pa?puch. 260 $aKrakow :$bIgnatianum University Press,$c©2020. 300 $a228 p. ;$c24 cm. 490 1 $aThe Polish Christian Philosophy in the 20th Century. 500 $aContiene: Selected writings: Mieczys?aw Albert Kr?piec 504 $aBibliografia p. 211-228. 546 $aContributi in inglese e polacco. 600 14$aKr?piec, Mieczys?aw Albert,$cO.P.,$d1921-2008.$0(OLS)http://pul/subject/45667 650 4$aFilosofia cristiana$zPolonia$ySec. XX.$0(OLS)http://pul/subject/46484 700 1 $aKrapiec, Mieczyslaw Albert,$cO.P.,$b1921-2008.$0(OLS)http://pul/name/65413 700 1 $aCzachorowski, Marek.$0(OLS)http://pul/name/112243 700 1 $aMame?ka, Tomasz.$0(OLS)http://pul/name/112244 700 1 $aMazanka, Pawe?.$0(OLS)http://pul/name/42222 700 1 $aPa?puch, Zbigniew.$0(OLS)http://pul/name/112245 830 4$aThe Polish Christian Philosophy in the 20th Century.$0(OLS)http://pul/title/213499 850 $aPUL 852 $aPUL$W1$xSL Filosofia 3$y81$m197 PCP 1.6$j198974$qDDC 21$B203608$CPULBib$Z2$F203608 $H135109 $82 941 1 $a9 996 $6020$z978-83-7614-474-0*$9(OLS)http://pul/number/168283 996 $6082$a197$9(OLS)http://pul/classification/1995 996 $6245$aMieczys?aw Albert Kr?piec$9(OLS)http://pul/title/215976 996 $6260$aKrakow :$bIgnatianum University Press$9(OLS)http://pul/publisher/87205